Code of practice on safety and health in agriculture

Bibliographic Details
Format: eBook
Language:English
Published: Geneva : International Labour Organization, represented by the International Labour Office (ILO), 2010
Subjects:
Online Access:http://www.vlex.com/source/11270

MARC

LEADER 00000nam a22000007a 4500
005 20130611144640.0
007 cr|||| ||||
008 130611e2010 sz |||||s|||| 00||0 eng d
035 |a 11270 
040 |a vLex 
090 |c 4303  |d 4303 
245 0 0 |a Code of practice on safety and health in agriculture  |h [Recurso electrn̤ico]  
256 |a Servicio en ln̕ea 
260 |a Geneva :  |b International Labour Organization, represented by the International Labour Office (ILO),   |c 2010 
300 |a 1 Recurso electrn̤ico 
506 |d vLex Global  |d vLex Global (Academic Edition, excluding Law Schools)  |d vLex Global (U.S. Academic Edition, Law Schools)  |d vLex Global (U.S. Academic Edition, excluding Law Schools)  |d vLex Global (Academic Edition, Law Schools) 
650 4 |a Derecho laboral y Seguridad Social 
650 4 |a Seguridad y salud laboral 
650 4 |a Agricultura 
740 |a vLex Libros (Servicio en ln̕ea) 
856 |a Acceso restringido  |u http://www.vlex.com/source/11270 
942 |c BOOK 
999 0 |a Labor laws and legislation